Evaluación técnica de las lagunas de estabilización de la ciudad de Santa Cruz

Na minha lista:
Detalhes bibliográficos
Autor principal: Jiménez Padilla, Juan Ernesto
Formato: Livro
Publicado em: San José, Costa Rica 1991
Assuntos:
Tags: Adicionar Tag
Sem tags, seja o primeiro a adicionar uma tag!

MARC

LEADER 00000nam a2200000Ia 4500
003 005352
005 20221231144324.0
008 140114s1992 cr a m 000 ||s d
040 |c cru CEDI 
090 |a TFG 2553 
100 |a Jiménez Padilla, Juan Ernesto  |9 12509 
245 |a Evaluación técnica de las lagunas de estabilización de la ciudad de Santa Cruz  
260 |c 1991  |a San José, Costa Rica 
300 |a [97] hojas : ilustraciones ; 28 cm.  
500 |a Tesis (licenciatura en ingeniería civil)--Universidad de Costa Rica. Facultad de Ingeniería. Escuela de Ingeniería Civil 
650 |x LAGUNAS DE ESTABILIZACION   |x  SANTA CRUZ (GUANACASTE, COSTA RICA)  |9 12510 
942 |c TFG  |2 ddc 
999 |c 20133  |d 20133